Design Data Handbook for Mechanical Engineers / (Record no. 339)

000 -LEADER
fixed length control field 00581nam a2200181Ia 4500
008 - FIXED-LENGTH DATA ELEMENTS--GENERAL INFORMATION
fixed length control field 190805s9999||||xx |||||||||||||| ||und||
020 ## - INTERNATIONAL STANDARD BOOK NUMBER
International Standard Book Number 9788123923154
Terms of availability Rs. 395.00
082 04 - DEWEY DECIMAL CLASSIFICATION NUMBER
Classification number 621.815021
Item number M2772
100 1# - MAIN ENTRY--PERSONAL NAME
Personal name Mahadevan, K.
245 10 - TITLE STATEMENT
Title Design Data Handbook for Mechanical Engineers /
250 ## - EDITION STATEMENT
Edition statement 4th ed.
260 ## - PUBLICATION, DISTRIBUTION, ETC. (IMPRINT)
Place of publication, distribution, etc New Delhi :
Name of publisher, distributor, etc CBS Publishers & Distributers,
Date of publication, distribution, etc 2017
300 ## - PHYSICAL DESCRIPTION
Extent xiii, 497 p.
Other physical details : ill.
Dimensions ; 24 cm.
650 #0 - SUBJECT ADDED ENTRY--TOPICAL TERM
Topical term or geographic name as entry element Mechanical Engineering
700 1# - ADDED ENTRY--PERSONAL NAME
Personal name Reddy, K. Balaveera
852 ## - LOCATION/CALL NUMBER
Location
942 ## - ADDED ENTRY ELEMENTS (KOHA)
Item type Books
Holdings
Withdrawn status Lost status Damaged status Not for loan Collection code Permanent location Current location Shelving location Date acquired Source of acquisition Cost, normal purchase price Full call number Barcode Date last seen Koha item type Public note
        Engineering IMU Kochi Library IMU Kochi Library Reference 2018-02-09 CBS Publishers & Distributers 395.00 621.815021 M2772 BK005172 2019-08-05 Books Shelf-5, Row-4
        Engineering IMU Kochi Library IMU Kochi Library Reference 2018-02-09 CBS Publishers & Distributers 395.00 621.815021 M2772 BK005173 2019-08-05 Books Shelf-5, Row-4
        Engineering IMU Kochi Library IMU Kochi Library Reference 2018-02-09 CBS Publishers & Distributers 395.00 621.815021 M2772 BK005171 2019-08-05 Books Shelf-2, Row-2


Copyright © All Rights Reserved by Indian Maritime University, Kochi Campus.
For any Suggestions/Query Contact to library or Email: library.kochi@imu.ac.in Ph:(0484)-2989402
(Web OPAC Designed by Rudra Ranjan. Maintained by IMU Kochi Library)

Powered by Koha